Arcanā. (Record no. 58589)

MARC details
000 -LEADER
fixed length control field 00549cam a22002291 4500
001 - CONTROL NUMBER
control field sa 64004554
003 - CONTROL NUMBER IDENTIFIER
control field DLC
005 - DATE AND TIME OF LATEST TRANSACTION
control field 20260227112026.0
008 - FIXED-LENGTH DATA ELEMENTS--GENERAL INFORMATION
fixed length control field 891031s1963 ii c 000 1 hino
010 ## - LIBRARY OF CONGRESS CONTROL NUMBER
LC control number sa 64004554
035 ## - SYSTEM CONTROL NUMBER
System control number (OCoLC)20578155
040 ## - CATALOGING SOURCE
Original cataloging agency DLC
Transcribing agency WaU
Modifying agency DLC
042 ## - AUTHENTICATION CODE
Authentication code premarc
050 00 - LIBRARY OF CONGRESS CALL NUMBER
Classification number PK2077
Item number .A5
100 1# - MAIN ENTRY--PERSONAL NAME
Personal name Ānanda, Rājakumāra,
Dates associated with a name 1939-
245 10 - TITLE STATEMENT
Title Arcanā.
260 ## - PUBLICATION, DISTRIBUTION, ETC.
Date of publication, distribution, etc. [1963]
300 ## - PHYSICAL DESCRIPTION
Extent 168 p.
Other physical details ports.
Dimensions 19 cm.
500 ## - GENERAL NOTE
General note In Hindi.
500 ## - GENERAL NOTE
General note Short stories.
650 #0 - SUBJECT ADDED ENTRY--TOPICAL TERM
Topical term or geographic name entry element Short stories, Hindi.

No items available.

Powered by Koha